| 000 | 00513nam a2200193 i 4500 | ||
|---|---|---|---|
| 001 | 73859 | ||
| 003 | ES-MaACL | ||
| 005 | 20230906171937.0 | ||
| 007 | t| | ||
| 008 | 040913s1961 sp ||||1| spa d | ||
| 100 | 0 |
_aGomis, Joan. _958208 |
|
| 245 | 1 | 3 |
_aEl hombre y la igualdad / _cJuan Gomis. |
| 260 |
_aBarcelona : _bNova Terra, _c[1961] |
||
| 300 |
_a294 p. ; _c18 cm. |
||
| 490 | 1 | _aPunto de vista | |
| 830 | 0 |
_aPunto de vista _9182100 |
|
| 852 |
_aES-MaACL _jC-20820 _bR.49433 |
||
| 999 |
_c73859 _d73859 |
||